[Event "Open Nuevo Centro. Jornada 5"]
[Site "Chess.com"]
[Date "2020.07.17"]
[Round "6"]
[White "Lopez Mateo, Juan Carlos"]
[Black "Garcia, Jhoel"]
[Result "1-0"]
[WhiteElo "2208"]
[BlackElo "2450"]
[PlyCount "59"]
[EventDate "2020.??.??"]

1. e4 c5 2. Nf3 Nc6 3. b4 Nxb4 4. c3 Nc6 5. d4 cxd4 6. cxd4 d6 7. d5 Ne5 8.
Nxe5 dxe5 9. Bb2 Nf6 10. Bxe5 e6 11. Nc3 exd5 12. Bb5+ Bd7 13. O-O Bb4 14. Bxf6
gxf6 15. Bxd7+ Qxd7 16. Nxd5 Be7 17. Rc1 Rc8 18. Qd2 Rc6 19. Rfd1 Qc8 20. Qf4
Kf8 21. Qh6+ Ke8 22. Rxc6 Qxc6 23. Qg7 Rf8 24. e5 Qc2 25. Nxf6+ Bxf6 26. Qg4
Qc6 27. exf6 Qe6 28. Qd4 Qc8 29. Qe5+ Qe6 30. Qb8+ 1-0

[Event "Open Nuevo Centro. Jornada 5"]
[Site "Chess.com"]
[Date "2020.07.17"]
[Round "6"]
[White "Luque Saiz, Andrés"]
[Black "Fernández Martin, Carlos"]
[Result "1-0"]
[WhiteElo "1950"]
[BlackElo "1715"]
[PlyCount "65"]
[EventDate "2020.??.??"]

1. e4 c5 2. Nf3 d6 3. d4 cxd4 4. Nxd4 Nf6 5. Nc3 e6 6. g4 a6 7. Bg2 Bd7 8. O-O
Nc6 9. h3 Be7 10. Be3 h5 11. g5 Nh7 12. h4 Nf8 13. f4 Ng6 14. Qe1 Qc7 15. f5
exf5 16. exf5 Nge5 17. Nd5 Qd8 18. f6 gxf6 19. gxf6 Bf8 20. Nf5 Be6 21. Bb6 Qd7
22. Ng7+ Bxg7 23. fxg7 Bxd5 24. gxh8=Q+ Ke7 25. Qf6+ Ke8 26. Bxd5 Qg4+ 27. Kh2
Kd7 28. Bxf7 Nd4 29. Bxd4 Qxd4 30. Rd1 Qxb2 31. Qxd6+ Kc8 32. Be6+ Nd7 33. Rf8#
1-0

[Event "Open Nuevo Centro. Jornada 5"]
[Site "Chess.com"]
[Date "2020.07.17"]
[Round "6"]
[White "Hassomal Daswani, Birjkumar"]
[Black "Sendra Tormo, Juan"]
[Result "0-1"]
[WhiteElo "1834"]
[BlackElo "2235"]
[PlyCount "74"]
[EventDate "2020.??.??"]

1. e4 e6 2. d4 d5 3. e5 c5 4. c3 Nc6 5. Nf3 Nge7 6. Be2 cxd4 7. cxd4 Nf5 8. g4
Nh4 9. Nxh4 Qxh4 10. Nc3 h5 11. Be3 Bd7 12. gxh5 Be7 13. a3 f6 14. Qd3 O-O 15.
h6 fxe5 16. Rg1 Rf7 17. dxe5 Nxe5 18. Qc2 d4 19. Bxd4 Qxd4 20. Rd1 Qxf2+ 21.
Kd2 Nf3+ 22. Kc1 Nxg1 23. Bh5 Qxc2+ 24. Kxc2 Rf2+ 25. Kb3 Bc6 26. Rxg1 Bf6 27.
Bg6 Rxh2 28. hxg7 Bxg7 29. Be4 Bxe4 30. Nxe4 Rxb2+ 31. Ka4 Rc8 32. Nf6+ Kf7 33.
Nd7 b6 34. Rg4 Rc7 35. Nb8 Bc3 36. Rf4+ Kg6 37. Na6 b5# 0-1

[Event "Open Nuevo Centro. Jornada 5"]
[Site "Chess.com"]
[Date "2020.07.17"]
[Round "6"]
[White "Birnoveanu, Petru"]
[Black "Bosch Jordà, Ricard"]
[Result "0-1"]
[WhiteElo "1684"]
[BlackElo "1914"]
[PlyCount "72"]
[EventDate "2020.??.??"]

1. e4 c5 2. c4 Nc6 3. Nc3 g6 4. d3 Bg7 5. f4 e6 6. Nf3 Nge7 7. Be3 b6 8. Be2
O-O 9. O-O d5 10. exd5 exd5 11. cxd5 Nxd5 12. Nxd5 Qxd5 13. Rb1 Ba6 14. Re1
Rad8 15. d4 Bxe2 16. Qxe2 Nxd4 17. Bxd4 cxd4 18. Qa6 Rd7 19. Rbd1 d3 20. Kf1
Bxb2 21. Re3 Qf5 22. Rexd3 Rxd3 23. Rxd3 Qxf4 24. Qxa7 Qc1+ 25. Kf2 Qc2+ 26.
Rd2 Bd4+ 27. Kg3 Be5+ 28. Kf2 Qc5+ 29. Ke2 Re8 30. Qd7 Qc4+ 31. Qd3 Bf4+ 32.
Kf1 Qxd3+ 33. Rxd3 Ra8 34. Rb3 Rxa2 35. Rxb6 Be3 36. Ne1 Bxb6 0-1

[Event "Open Nuevo Centro. Jornada 5"]
[Site "Chess.com"]
[Date "2020.07.17"]
[Round "6"]
[White "Miranda Calvo, Max Rodrigo"]
[Black "Orts Tomás, Marc"]
[Result "0-1"]
[WhiteElo "1313"]
[BlackElo "1703"]
[PlyCount "76"]
[EventDate "2020.??.??"]

1. e4 c5 2. c4 Nc6 3. Nc3 e5 4. d3 d6 5. g3 g6 6. Bg2 Bg7 7. Nf3 Nge7 8. Be3
O-O 9. O-O f5 10. Nd2 f4 11. gxf4 exf4 12. e5 fxe3 13. fxe3 Nxe5 14. d4 N5c6
15. dxc5 dxc5 16. Bxc6 Nxc6 17. Qc2 Bh3 18. Rf3 Rxf3 19. Nxf3 Qe7 20. Re1 Rf8
21. Nd5 Qf7 22. Nf4 Bf5 23. Qd2 Rd8 24. Qf2 Qxc4 25. Ng5 Ne5 26. e4 Bc8 27. Kh1
Rf8 28. Qe3 Qd4 29. Qc1 Qd8 30. Qxc5 Qxg5 31. Nd3 Nf3 32. Qc4+ Kh8 33. Rf1 Qh4
34. Qc2 Bh3 35. Rf2 Bd4 36. Re2 Rc8 37. Qa4 Qg4 38. Qd1 Be3 0-1

[Event "Open Nuevo Centro. Jornada 5"]
[Site "Chess.com"]
[Date "2020.07.17"]
[Round "6"]
[White "Garcia Trobat, Francisco"]
[Black "Pallardo Lozoya, Jose Vicente"]
[Result "0-1"]
[WhiteElo "2149"]
[BlackElo "2262"]
[PlyCount "80"]
[EventDate "2020.??.??"]

1. Nf3 d5 2. d4 c6 3. Bf4 Bg4 4. e3 Nd7 5. Nbd2 Ngf6 6. h3 Bh5 7. g4 Bg6 8. Nh4
e6 9. Nxg6 hxg6 10. Bg2 Nb6 11. b3 Bd6 12. Bxd6 Qxd6 13. c4 Nbd7 14. c5 Qc7 15.
f4 a5 16. O-O b6 17. e4 bxc5 18. e5 Ng8 19. Nf3 cxd4 20. Nxd4 Ne7 21. Rc1 Qb6
22. Rf2 O-O 23. f5 gxf5 24. gxf5 Nxf5 25. Rxf5 exf5 26. Rxc6 Qa7 27. Kh1 Nxe5
28. Rc3 g6 29. Rg3 Qd7 30. Qd2 Nc6 31. Nxc6 Qxc6 32. Bxd5 Rad8 33. Bxc6 Rxd2
34. Bb5 Rc8 35. Bc4 Kg7 36. Re3 Rxa2 37. Re7 Rd8 38. Rxf7+ Kh6 39. Bf1 Rd1 40.
Kg1 Raa1 0-1

[Event "Open Nuevo Centro. Jornada 5"]
[Site "Chess.com"]
[Date "2020.07.17"]
[Round "6"]
[White "Chernikov, Vladimir"]
[Black "Zamora Soler, Raul"]
[Result "1/2-1/2"]
[WhiteElo "2205"]
[BlackElo "1828"]
[PlyCount "100"]
[EventDate "2020.??.??"]

1. c4 Nf6 2. Nc3 e6 3. e4 c5 4. Nf3 d6 5. b3 Nc6 6. Bb2 e5 7. d3 Bg4 8. h3 Bh5
9. Be2 Bxf3 10. Bxf3 Nd4 11. g3 Be7 12. Bg2 O-O 13. O-O a6 14. f4 Rb8 15. f5 b5
16. Bc1 b4 17. Ne2 Nd7 18. g4 Bg5 19. Ng3 Bxc1 20. Qxc1 Qh4 21. Kh2 Qxg3+ 22.
Kxg3 Ne2+ 23. Kf2 Nxc1 24. Rfxc1 h6 25. h4 f6 26. Bh3 a5 27. a3 Rb7 28. axb4
Rxb4 29. Rxa5 Rxb3 30. Ra7 Nb8 31. Ke3 Rb2 32. Rh1 Nc6 33. Rd7 Nd4 34. Bf1 Nc2+
35. Kf3 Ne1+ 36. Kg3 Rb6 37. Be2 Nc2 38. g5 Nd4 39. Bh5 fxg5 40. hxg5 Rb3 41.
Rd1 hxg5 42. Bg6 Ne2+ 43. Kg4 Nf4 44. Ra1 Nxd3 45. Raa7 Nf2+ 46. Kxg5 Rg3+ 47.
Kh5 Rh3+ 48. Kg5 Rg3+ 49. Kh5 Rh3+ 50. Kg5 Rg3+ 1/2-1/2

[Event "Open Nuevo Centro. Jornada 5"]
[Site "Chess.com"]
[Date "2020.07.17"]
[Round "6"]
[White "Gimenez Saiz, Jose Raul"]
[Black "Grigorev, Artur"]
[Result "1-0"]
[WhiteElo "1553"]
[BlackElo "952"]
[PlyCount "101"]
[EventDate "2020.??.??"]

1. d4 d5 2. e3 Nc6 3. f4 Bf5 4. Nf3 Nb4 5. Na3 e6 6. c3 Nc6 7. Be2 Bd6 8. O-O
Nf6 9. Ne5 Nxe5 10. fxe5 Bxa3 11. exf6 Bd6 12. fxg7 Rg8 13. Bh5 Rxg7 14. Kh1
Qh4 15. Rf4 Bxf4 16. exf4 Bg4 17. Bxg4 Rxg4 18. f5 exf5 19. g3 Rxg3 20. Qe1+
Kd7 21. Qxg3 Qxg3 22. hxg3 Rg8 23. Bf4 Ke6 24. Re1+ Kf6 25. Bxc7 Rc8 26. Bf4 h5
27. Kg2 Kg6 28. Rh1 Rh8 29. Kf3 h4 30. Rxh4 Rxh4 31. gxh4 Kh5 32. Bg5 Kg6 33.
Kf4 f6 34. Bxf6 Kxf6 35. h5 Kg7 36. Kxf5 Kh6 37. Ke5 Kxh5 38. Kxd5 Kg6 39. Ke6
Kg7 40. Ke7 Kg6 41. d5 Kf5 42. d6 Ke5 43. d7 Kd5 44. d8=Q+ Kc6 45. Ke6 Kb5 46.
Kd5 Ka6 47. c4 b6 48. b4 b5 49. c5 Kb7 50. Qd7+ Ka6 51. Qc6# 1-0

[Event "Open Nuevo Centro. Jornada 5"]
[Site "Chess.com"]
[Date "2020.07.17"]
[Round "6"]
[White "Reig Albero, Ferran"]
[Black "Bascuñana Sánchez, Pablo"]
[Result "0-1"]
[WhiteElo "1841"]
[BlackElo "1594"]
[PlyCount "90"]
[EventDate "2020.??.??"]

1. e4 c5 2. Nf3 g6 3. d4 cxd4 4. Nxd4 Nc6 5. Nc3 Bg7 6. Be3 Nf6 7. Bc4 Qa5 8.
O-O O-O 9. Bb3 e6 10. f4 d5 11. exd5 exd5 12. f5 Nxd4 13. Bxd4 Bxf5 14. Bxf6
Bxf6 15. Nxd5 Bxb2 16. Ne7+ Kh8 17. Nxf5 Bxa1 18. Qxa1+ f6 19. Ng3 Qc5+ 20. Kh1
Kg7 21. h3 Qd6 22. Kh2 h5 23. Rd1 Qc7 24. h4 Rfe8 25. Rd3 Rad8 26. Qd1 Re3 27.
Rxd8 Qxg3+ 28. Kh1 Re1+ 29. Qxe1 Qxe1+ 30. Kh2 Qe5+ 31. Kh1 Qe1+ 32. Kh2 Qxh4+
33. Kg1 Qb4 34. Rd7+ Kh6 35. Rf7 Qd4+ 36. Kh1 Qe5 37. Rxb7 a5 38. a4 Kg5 39.
Rb5 Kf4 40. Rxe5 fxe5 41. Kg1 e4 42. Kf2 e3+ 43. Ke2 Ke4 44. Bf7 g5 45. Bxh5
Kd4 0-1

[Event "Open Nuevo Centro. Jornada 5"]
[Site "Chess.com"]
[Date "2020.07.17"]
[Round "6"]
[White "Granero Roca, Antonio"]
[Black "Randazzo, Adrián"]
[Result "0-1"]
[WhiteElo "2446"]
[BlackElo "2498"]
[PlyCount "106"]
[EventDate "2020.??.??"]

1. Nf3 c5 2. g3 Nc6 3. Bg2 g6 4. d3 Bg7 5. O-O d6 6. c4 Bf5 7. Nc3 Qd7 8. Re1
h5 9. h4 Nh6 10. Bd2 Ng4 11. e4 Be6 12. Nd5 Bxb2 13. Rb1 Bg7 14. Qa4 O-O 15.
Ng5 Bd4 16. Re2 Kg7 17. Nf4 Rab8 18. Be3 Bxe3 19. fxe3 Nge5 20. Ngxe6+ fxe6 21.
Rd1 Ng4 22. Ree1 e5 23. Nh3 a6 24. Ng5 b5 25. Qc2 Rf6 26. Qe2 Rbf8 27. Rf1 Nd8
28. Bh3 Rxf1+ 29. Rxf1 Rf6 30. a3 b4 31. axb4 cxb4 32. Ra1 Qa7 33. Bxg4 hxg4
34. Kg2 b3 35. d4 exd4 36. Qxg4 b2 37. Rb1 dxe3 38. Rxb2 Qd4 39. Re2 Rf2+ 40.
Kh3 Rxe2 41. Qxe2 Qd2 42. Qg4 e2 43. Nf3 e1=Q 44. Nxe1 Qxe1 45. Kg2 Nf7 46. h5
Qd2+ 47. Kg1 Qg5 48. Qe6 gxh5 49. Kg2 h4 50. g4 Nh6 51. Kh1 Qxg4 52. Qxe7+ Nf7
53. Qe8 h3 0-1

[Event "Open Nuevo Centro. Jornada 5"]
[Site "Chess.com"]
[Date "2020.07.17"]
[Round "6"]
[White "Valverde Alcaide, Miguel Alejandro"]
[Black "Soler Nadal, Jose Antonio"]
[Result "0-1"]
[WhiteElo "867"]
[BlackElo "1516"]
[PlyCount "134"]
[EventDate "2020.??.??"]

1. d4 f5 2. c4 Nf6 3. Nc3 e6 4. Qb3 c6 5. e3 d5 6. cxd5 exd5 7. Be2 Bd6 8. f3
Qe7 9. Qc2 O-O 10. Nh3 Be6 11. Ng5 Nbd7 12. Nxe6 Qxe6 13. Bd3 g6 14. O-O c5 15.
Re1 c4 16. e4 cxd3 17. Qxd3 dxe4 18. fxe4 fxe4 19. Nxe4 Rae8 20. Bd2 Nxe4 21.
Rxe4 Qxe4 22. Qxe4 Rxe4 23. h3 Rxd4 24. Bh6 Re8 25. a3 Rde4 26. Kf2 Bc5+ 27.
Kf3 Be3 28. Re1 Bxh6 29. Rxe4 Rxe4 30. Kxe4 Kf7 31. Kd4 Ke6 32. Kc4 Kd6 33. b4
Ne5+ 34. Kb5 Bc1 35. a4 Nd3 36. a5 Ba3 37. a6 bxa6+ 38. Kxa6 Bxb4 39. Kxa7 Ne1
40. Kb6 Nxg2 41. Kb5 Nf4 42. Kxb4 Nxh3 43. Kc3 Ke5 44. Kd3 Kf4 45. Ke2 Kg3 46.
Kf1 Nf4 47. Ke1 Kg2 48. Kd2 h5 49. Ke3 h4 50. Kxf4 h3 51. Kg5 h2 52. Kxg6 h1=Q
53. Kf6 Qh5 54. Ke6 Qg5 55. Kd6 Qf5 56. Kc6 Qe5 57. Kb6 Qd5 58. Kc7 Qe6 59. Kb7
Qd6 60. Kc8 Qe7 61. Kb8 Qd7 62. Ka8 Kf3 63. Kb8 Ke4 64. Ka8 Kd4 65. Kb8 Kc5 66.
Ka8 Kb6 67. Kb8 Qb7# 0-1

[Event "Open Nuevo Centro. Jornada 5"]
[Site "Chess.com"]
[Date "2020.07.17"]
[Round "6"]
[White "Gukasov, Artem"]
[Black "Yuste Valenzuela, Alejandro"]
[Result "0-1"]
[WhiteElo "1500"]
[BlackElo "1852"]
[PlyCount "118"]
[EventDate "2020.??.??"]

1. e4 c5 2. Nf3 d6 3. d4 cxd4 4. Nxd4 Nf6 5. Nc3 g6 6. Be2 Bg7 7. Be3 O-O 8.
O-O Nc6 9. a3 h6 10. Qd2 Kh7 11. Bf3 Ne5 12. Be2 Neg4 13. Bxg4 Nxg4 14. f3 Nxe3
15. Qxe3 Qb6 16. Rfd1 e5 17. Nd5 Qc5 18. b4 exd4 19. bxc5 dxe3 20. Rab1 dxc5
21. Nxe3 Bd4 22. Kf2 b6 23. Rd3 Ba6 24. Rd2 Rae8 25. Rc1 f5 26. c3 Bxe3+ 27.
Kxe3 fxe4 28. fxe4 Rf7 29. Rcd1 Rfe7 30. Rd7 Kg7 31. R1d6 Kf7 32. Rxe7+ Rxe7
33. g3 Bb7 34. h4 Bxe4 35. Kf4 Bc2 36. Rd2 Bb3 37. Rb2 c4 38. Rd2 Kf6 39. Rd6+
Re6 40. Rd8 Ke7 41. Ra8 a5 42. Rb8 Rd6 43. Rb7+ Ke6 44. Rh7 Rd3 45. Rxh6 Kf7
46. g4 Rxc3 47. Kg5 Bc2 48. h5 gxh5 49. gxh5 Rg3+ 50. Kh4 Rg1 51. Rxb6 c3 52.
Rb7+ Kf6 53. Rb6+ Ke5 54. Rb5+ Kd4 55. Rxa5 Bb3 56. Rb5 Bc4 57. Rb4 c2 58. h6
c1=Q 59. h7 Qh6# 0-1

[Event "Open Nuevo Centro. Jornada 5"]
[Site "Chess.com"]
[Date "2020.07.17"]
[Round "6"]
[White "Montesinos Diaz, Luis"]
[Black "Pedros Viudes, Santiago"]
[Result "1-0"]
[WhiteElo "1741"]
[BlackElo "1931"]
[PlyCount "135"]
[EventDate "2020.??.??"]

1. d4 Nf6 2. Nf3 d5 3. Bf4 c5 4. e3 Nc6 5. c3 Qb6 6. Qc2 Bf5 7. Qb3 c4 8. Qxb6
axb6 9. Nbd2 h6 10. Be2 b5 11. O-O e6 12. h3 Nd7 13. Rfe1 Nb6 14. Bf1 Kd7 15.
e4 Bh7 16. b3 Ba3 17. exd5 exd5 18. Ne5+ Nxe5 19. Rxe5 f6 20. Re3 Bb2 21. Rae1
Rhe8 22. bxc4 bxc4 23. g3 Rxe3 24. Rxe3 Rxa2 25. Bg2 Bc1 26. Re2 Bd3 27. Nxc4
Bxe2 28. Nxb6+ Kc6 29. Bxd5+ Kxb6 30. Bxa2 Bxf4 31. gxf4 Kc6 32. Kg2 Bd3 33.
Kf3 b5 34. Ke3 Bc2 35. h4 Bf5 36. Bf7 Bc2 37. Bh5 Bf5 38. Bf3+ Kd6 39. Be4 Bg4
40. f3 Bh3 41. h5 Be6 42. Kd3 Bc4+ 43. Kc2 Be6 44. Kb2 Bc4 45. Ka3 Bf7 46. Bg6
Bd5 47. Kb4 Bxf3 48. Kxb5 Be2+ 49. c4 Bf1 50. Kb4 Be2 51. Bf7 Bf3 52. c5+ Kc6
53. d5+ Kc7 54. Kc4 Be2+ 55. Kd4 Bd1 56. Be8 Bb3 57. d6+ Kd8 58. Bg6 Be6 59.
Kc3 Kd7 60. Kb4 Kc6 61. Be8+ Kb7 62. Kb5 Bd5 63. c6+ Kc8 64. Kc5 Be6 65. Kb6
Bh3 66. d7+ Kd8 67. c7+ Ke7 68. d8=Q+ 1-0

[Event "Open Nuevo Centro. Jornada 5"]
[Site "Chess.com"]
[Date "2020.07.17"]
[Round "6"]
[White "Gil López, Alejandro"]
[Black "Macias Pino, Diego"]
[Result "1/2-1/2"]
[WhiteElo "2164"]
[BlackElo "2262"]
[PlyCount "130"]
[EventDate "2020.??.??"]

1. e4 c6 2. Nf3 d5 3. exd5 cxd5 4. d4 Nc6 5. c3 Bg4 6. Bd3 e6 7. O-O Nf6 8. h3
Bh5 9. Bg5 Bd6 10. Nbd2 Qc7 11. Re1 Bg6 12. Nf1 O-O 13. Bxf6 gxf6 14. Ne3 Kg7
15. Qd2 a6 16. a4 Rfb8 17. Bxg6 hxg6 18. Ng4 Rh8 19. Re2 b5 20. axb5 axb5 21.
Rae1 Qd7 22. Qd3 b4 23. c4 dxc4 24. Qxc4 Rh5 25. Nd2 Be7 26. Nb3 Rd8 27. Rd2
Qd5 28. Qxd5 Rhxd5 29. Ne3 R5d7 30. Red1 Na7 31. d5 e5 32. Kf1 Nc8 33. Na5 Bc5
34. Nc6 Re8 35. Ke2 Nb6 36. b3 Rc8 37. Kf3 Bxe3 38. fxe3 Rxd5 39. Nxb4 Rxd2 40.
Rxd2 Rb8 41. Nd3 Nd7 42. Rb2 f5 43. e4 fxe4+ 44. Kxe4 Rb5 45. g4 Nf6+ 46. Ke3
Nd5+ 47. Ke4 Nf6+ 48. Ke3 Ne8 49. b4 f5 50. gxf5 gxf5 51. Rc2 Kf6 52. Rc6+ Kg5
53. Rc5 Rxc5 54. bxc5 Kf6 55. h4 Nc7 56. Nb4 Ke6 57. Kf3 Ne8 58. Ke3 Nf6 59.
Kf3 Nh5 60. Ke3 f4+ 61. Kf3 Nf6 62. c6 Kd6 63. Kf2 Ng8 64. Kf3 Nf6 65. Kf2 Ne8
1/2-1/2

[Event "Open Nuevo Centro. Jornada 5"]
[Site "Chess.com"]
[Date "2020.07.17"]
[Round "6"]
[White "Hernández Tomás, Efrén"]
[Black "Rodriguez Rodriguez, Joan David"]
[Result "0-1"]
[WhiteElo "1003"]
[BlackElo "1575"]
[PlyCount "142"]
[EventDate "2020.??.??"]

1. e4 e5 2. Nf3 Nc6 3. Bc4 Nf6 4. Nc3 Bc5 5. h3 O-O 6. d3 a6 7. O-O b5 8. Bd5
Nxd5 9. exd5 Ne7 10. Nxe5 Bd4 11. Nf3 Bxc3 12. bxc3 Nxd5 13. c4 bxc4 14. dxc4
Nf6 15. Bg5 h6 16. Bh4 Bb7 17. Nh2 d5 18. Qd4 dxc4 19. Bxf6 Qxf6 20. Qxc4 Qg6
21. Ng4 h5 22. Qxc7 Rab8 23. Ne3 f5 24. Qh2 f4 25. Nd1 f3 26. g3 Rbc8 27. Ne3
Rcd8 28. Rad1 Bc8 29. c4 Qc6 30. Rxd8 Rxd8 31. Rc1 Be6 32. g4 hxg4 33. hxg4 Qe4
34. Qc7 Rc8 35. Qa7 Bxg4 36. Qxa6 Be6 37. Kh2 Qh7+ 38. Kg1 Qg6+ 39. Kf1 Bh3+
40. Ke1 Qxa6 41. Rc2 Be6 42. Kf1 Bf7 43. Ke1 Qh6 44. Kd2 Rd8+ 45. Kc3 Qc6 46.
Kb2 Ra8 47. Rc3 Qb6+ 48. Rb3 Qa6 49. Kc3 Qxa2 50. Rb2 Ra3+ 51. Kc2 Qa1 52. Rb1
Qf6 53. Rd1 Bg6+ 54. Kc1 Qa6 55. Kd2 Ra2+ 56. Ke1 Bf7 57. Rd8+ Kh7 58. Rd1 Qh6
59. Nf1 Bxc4 60. Rd4 Ba6 61. Rd2 Qh1 62. Rxa2 Qxf1+ 63. Kd2 Qe2+ 64. Kc3 Qxa2
65. Kd4 Qc4+ 66. Ke3 g5 67. Kxf3 Kg6 68. Kg2 Bb7+ 69. f3 Qe2+ 70. Kg3 Qxf3+ 71.
Kh2 Qg2# 0-1

[Event "Open Nuevo Centro. Jornada 5"]
[Site "Chess.com"]
[Date "2020.07.17"]
[Round "6"]
[White "Ainsa Jimenez, Lucas"]
[Black "Donate Moreno, David"]
[Result "0-1"]
[WhiteElo "1041"]
[BlackElo "1586"]
[PlyCount "166"]
[EventDate "2020.??.??"]

1. e4 e5 2. Nf3 Nc6 3. Bc4 Nf6 4. Ng5 d5 5. Nxf7 Kxf7 6. exd5 Nd4 7. d6+ Be6 8.
dxc7 Qxc7 9. Bxe6+ Nxe6 10. O-O Nd4 11. c3 Ne6 12. d3 Be7 13. Be3 Rhf8 14. Nd2
Kg8 15. Nb3 Rad8 16. d4 exd4 17. cxd4 Nxd4 18. Bxd4 Bd6 19. g3 Be5 20. Qd3 Bxd4
21. Nxd4 Qc5 22. Qb3+ Kh8 23. Ne6 Qh5 24. Nxf8 Rxf8 25. Qxb7 Ng4 26. h4 Qc5 27.
Qg2 Qb6 28. Rac1 Qxb2 29. Ra1 h5 30. f3 Qxg2+ 31. Kxg2 Ne3+ 32. Kf2 Nxf1 33.
Rxf1 a5 34. a4 Kh7 35. Ra1 Kh6 36. Kg2 Rc8 37. Ra2 Rc4 38. Kh3 Rc3 39. Kg2 Rc4
40. Kf2 Rb4 41. Ke3 g5 42. hxg5+ Kxg5 43. f4+ Kg4 44. Rh2 Rxa4 45. Rh4+ Kxg3
46. Rxh5 Ra3+ 47. Ke4 Ra4+ 48. Kf5 Rxf4+ 49. Ke5 Rb4 50. Kd6 a4 51. Ra5 Kf3 52.
Kc5 Re4 53. Kb5 Ke3 54. Rxa4 Re5+ 55. Kb4 Kd3 56. Ra3+ Kd4 57. Rb3 Re8 58. Ka3
Kc4 59. Rb4+ Kc3 60. Rb3+ Kc2 61. Rb2+ Kc1 62. Rb3 Ra8+ 63. Kb4 Kc2 64. Rc3+
Kb2 65. Rb3+ Ka2 66. Ra3+ Rxa3 67. Kc5 Rh3 68. Kd4 Kb3 69. Ke4 Kc3 70. Kf4 Rh5
71. Kg4 Ra5 72. Kf4 Kd4 73. Kf3 Rf5+ 74. Kg4 Rf8 75. Kg5 Ke5 76. Kg6 Rf1 77.
Kg7 Ke6 78. Kg6 Rg1+ 79. Kh5 Kf5 80. Kh6 Rg2 81. Kh7 Kf6 82. Kh8 Kf7 83. Kh7
Rh2# 0-1

[Event "Open Nuevo Centro. Jornada 5"]
[Site "Chess.com"]
[Date "2020.07.17"]
[Round "6"]
[White "Más Ripoll, Vicente"]
[Black "Simó Serrano, Javier"]
[Result "1-0"]
[WhiteElo "1076"]
[BlackElo "906"]
[PlyCount "151"]
[EventDate "2020.??.??"]

1. e4 e5 2. Nf3 Nc6 3. Bc4 h6 4. Nc3 d6 5. h3 Be6 6. Bb3 Nf6 7. Nd5 Bxd5 8.
exd5 Nb4 9. c4 c6 10. a3 Nd3+ 11. Kf1 cxd5 12. cxd5 Ne4 13. Qc2 Nexf2 14. Rh2
e4 15. Ne1 Nxe1 16. Kxe1 Qb6 17. g4 Nd3+ 18. Ke2 h5 19. Bc4 Ne5 20. Qxe4 hxg4
21. d4 gxh3 22. dxe5 dxe5 23. Qxe5+ Be7 24. d6 O-O 25. dxe7 Rfe8 26. Bxf7+ Kxf7
27. Rf2+ Kg8 28. Qd5+ Kh8 29. Qh5+ Kg8 30. Qd5+ Kh8 31. Qh5+ Kg8 32. Qxh3 Rxe7+
33. Kf1 Qa6+ 34. Kg1 Re1+ 35. Kh2 Qd6+ 36. Qg3 Qxg3+ 37. Kxg3 Re3+ 38. Rf3
Rxf3+ 39. Kxf3 Rf8+ 40. Bf4 g5 41. Rg1 Rf5 42. Kg4 Ra5 43. Bxg5 Ra4+ 44. Kf5
Ra5+ 45. Kg6 Ra6+ 46. Kh5 Ra5 47. Kh4 Ra4+ 48. Rg4 Rxg4+ 49. Kxg4 Kg7 50. Kf3
Kf7 51. Bd2 Ke6 52. Ke4 Kd6 53. b4 Kc6 54. Kd4 b6 55. Bc3 Kb7 56. a4 a6 57. Kd5
b5 58. axb5 axb5 59. Kc5 Ka6 60. Kc6 Ka7 61. Kxb5 Kb7 62. Ka5 Ka7 63. Be5 Kb7
64. b5 Ka7 65. b6+ Kb7 66. Bd6 Kc8 67. Ka6 Kd7 68. Bg3 Kc8 69. Ka7 Kd7 70. b7
Kc6 71. b8=Q Kd5 72. Qe8 Kd4 73. Qe6 Kc5 74. Qd7 Kc4 75. Kb7 Kc5 76. Qd6+ 1-0

[Event "Open Nuevo Centro. Jornada 5"]
[Site "Chess.com"]
[Date "2020.07.17"]
[Round "6"]
[White "Donate Moreno, Silvia"]
[Black "Gómez Alonso, Óscar"]
[Result "1/2-1/2"]
[WhiteElo "2002"]
[BlackElo "1836"]
[PlyCount "178"]
[EventDate "2020.??.??"]

1. e4 c5 2. Nf3 e6 3. d4 cxd4 4. Nxd4 Nf6 5. Nc3 Nc6 6. Bg5 Be7 7. Qd2 O-O 8.
f3 d5 9. O-O-O Nxd4 10. Qxd4 e5 11. Qxe5 Re8 12. Bb5 Bd7 13. Bxd7 Nxd7 14. Bxe7
Nxe5 15. Bxd8 Rexd8 16. Nxd5 Nc6 17. Rd2 Kf8 18. Rhd1 Rac8 19. Kb1 f6 20. a3
Kf7 21. Rd3 Ne5 22. Rb3 b6 23. a4 Nc4 24. Rc3 h5 25. Ka2 g5 26. h3 h4 27. Rd4
Ne5 28. Kb3 Ng6 29. Rdc4 Rxc4 30. Rxc4 Rd7 31. Rc6 Nf4 32. Nxf4 gxf4 33. Kc3
Rd1 34. Rc7+ Kg6 35. Rxa7 Rg1 36. Ra8 Kg7 37. Rb8 Rxg2 38. Rxb6 Rg3 39. a5
Rxf3+ 40. Kd4 Rf1 41. a6 Ra1 42. Rb7+ Kg6 43. a7 Kg5 44. Rg7+ Kh6 45. Rb7 Kg5
46. b4 Ra3 47. b5 Kg6 48. b6 f3 49. Rb8 f2 50. Rg8+ Kf7 51. a8=Q Rxa8 52. Rxa8
f1=Q 53. b7 Qd1+ 54. Ke3 Qc1+ 55. Kf3 Qd1+ 56. Kf4 Qd6+ 57. Kf3 Qg3+ 58. Ke2
Qg2+ 59. Ke3 Qg3+ 60. Ke2 Qh2+ 61. Ke1 Qg1+ 62. Kd2 Qd4+ 63. Kc1 Qe3+ 64. Kd1
Qf3+ 65. Kd2 Qf2+ 66. Kd3 Qf1+ 67. Kd4 Qd1+ 68. Kc5 Qg1+ 69. Kc6 Qg3 70. b8=Q
Qc3+ 71. Kb7 Qb4+ 72. Kc8 Qf8+ 73. Kb7 Qb4+ 74. Ka6 Qa3+ 75. Kb5 Qb2+ 76. Kc6
Qxc2+ 77. Kd5 Qd3+ 78. Kc5 Qe3+ 79. Kc6 Qxe4+ 80. Kb5 Qd5+ 81. Ka6 Qa2+ 82. Kb7
Qb3+ 83. Kc8 Qe6+ 84. Kc7 Qc4+ 85. Kb7 Qb4+ 86. Kc8 Qf8+ 87. Kb7 Qb4+ 88. Kc8
Qf8+ 89. Kb7 Qb4+ 1/2-1/2

[Event "Open Nuevo Centro. Jornada 5"]
[Site "Chess.com"]
[Date "2020.07.17"]
[Round "7"]
[White "Galcin Plitnikas, Artiom"]
[Black "Fitzpatrick Dimas, Kevin"]
[Result "1-0"]
[WhiteElo "850"]
[BlackElo "927"]
[PlyCount "39"]
[EventDate "2020.??.??"]

1. d4 d5 2. Nf3 Nc6 3. Bf4 e6 4. e3 Nf6 5. Be2 Ne4 6. Nbd2 Bd6 7. Bg3 Bxg3 8.
hxg3 Bd7 9. Bd3 O-O 10. Nxe4 dxe4 11. Bxe4 h6 12. g4 e5 13. g5 hxg5 14. Bh7+
Kh8 15. Bg8+ Kxg8 16. Qd3 g6 17. e4 g4 18. Qe3 exd4 19. Qh6 Re8 20. Qh8# 1-0

[Event "Open Nuevo Centro. Jornada 5"]
[Site "Chess.com"]
[Date "2020.07.17"]
[Round "7"]
[White "Perez Garcia, Jose Miguel"]
[Black "Gracia Calvo, Andrés"]
[Result "0-1"]
[WhiteElo "2048"]
[BlackElo "1811"]
[PlyCount "34"]
[EventDate "2020.??.??"]

1. e4 d5 2. Nf3 d4 3. Bc4 Nf6 4. e5 Nfd7 5. Bxf7+ Kxf7 6. Ng5+ Kg8 7. Ne6 Qe8
8. Nxc7 Qg6 9. Nxa8 Qxg2 10. Rf1 Nxe5 11. Qe2 Nf3+ 12. Kd1 Bg4 13. Qc4+ e6 14.
Qb5 Nxh2+ 15. Ke1 Nxf1 16. Qxf1 Qe4+ 17. Qe2 Qxe2# 0-1

[Event "Open Nuevo Centro. Jornada 5"]
[Site "Chess.com"]
[Date "2020.07.17"]
[Round "7"]
[White "Pardo Ruiz, Beatriz"]
[Black "Maestre Soler, Sergio"]
[Result "1-0"]
[WhiteElo "1345"]
[BlackElo "901"]
[PlyCount "31"]
[EventDate "2020.??.??"]

1. e4 e5 2. Nf3 Bc5 3. Nxe5 Qh4 4. Qf3 Nf6 5. Nc3 Nc6 6. Nxc6 dxc6 7. Bc4 O-O
8. O-O Qg5 9. d4 Qg6 10. dxc5 Bg4 11. Qe3 Rae8 12. h3 Bc8 13. Qg5 b5 14. Bb3 h6
15. Qxg6 Ng4 16. hxg4 1-0

[Event "Open Nuevo Centro. Jornada 5"]
[Site "Chess.com"]
[Date "2020.07.17"]
[Round "7"]
[White "Grigorev, Artur"]
[Black "Miranda Calvo, Max Rodrigo"]
[Result "0-1"]
[WhiteElo "949"]
[BlackElo "1316"]
[PlyCount "42"]
[EventDate "2020.??.??"]

1. e4 e5 2. Nf3 Nc6 3. Bc4 Bc5 4. b4 Bxb4 5. c3 Be7 6. d4 d6 7. O-O Nf6 8. dxe5
dxe5 9. Qxd8+ Bxd8 10. Ng5 O-O 11. Nf3 Nxe4 12. Re1 Bf5 13. Nbd2 Nxd2 14. Bxd2
Bf6 15. Rab1 Rad8 16. Rxb7 e4 17. Ng5 Rxd2 18. Nxe4 Bxe4 19. Rxe4 Na5 20. Rxc7
Nxc4 21. Rexc4 Rd1# 0-1

[Event "Open Nuevo Centro. Jornada 5"]
[Site "Chess.com"]
[Date "2020.07.17"]
[Round "7"]
[White "Marques Montolio, Luis"]
[Black "Perrot, Fabien"]
[Result "1-0"]
[WhiteElo "1371"]
[BlackElo "970"]
[PlyCount "43"]
[EventDate "2020.??.??"]

1. e4 e5 2. Nf3 Nc6 3. Bb5 a6 4. Ba4 Be7 5. O-O b5 6. Bb3 d6 7. h3 Nf6 8. d3
O-O 9. c3 Bb7 10. Re1 Na5 11. Bc2 d5 12. exd5 Bxd5 13. Nxe5 Bb7 14. d4 Qd5 15.
Be4 Nxe4 16. f3 Nf6 17. Nd3 Bd6 18. Ne5 Rae8 19. Bf4 Bxe5 20. Bxe5 Rxe5 21.
Rxe5 Qd6 22. Nd2 1-0

[Event "Open Nuevo Centro. Jornada 5"]
[Site "Chess.com"]
[Date "2020.07.17"]
[Round "7"]
[White "Martínez Cuenca, Adrián"]
[Black "Elenkov Olmo, Ivan"]
[Result "0-1"]
[WhiteElo "644"]
[BlackElo "951"]
[PlyCount "34"]
[EventDate "2020.??.??"]

1. e4 e5 2. Bc4 Nf6 3. Nc3 Bb4 4. Nb5 Nxe4 5. c3 Bc5 6. Qb3 Nxf2 7. Bxf7+ Kf8
8. d3 Nxh1 9. Qc4 Bxg1 10. Qc5+ Bxc5 11. Bg5 Qxg5 12. Kf1 Qf5+ 13. Ke2 Qf2+ 14.
Kd1 Qf1+ 15. Kc2 Qxa1 16. Kb3 a5 17. Nxc7 Qd1+ 0-1